LEADER 01397nas 2200457-a 450 001 996217756103316 005 20221206161047.0 011 $a1347-3913 035 $a(OCoLC)56332436 035 $a(CKB)1000000000000011 035 $a(CONSER)--2004210826 035 $a(DE-599)ZDB2152059-8 035 $a(EXLCZ)991000000000000011 100 $a20040823a20039999 s-- - 101 0 $aeng 135 $aurcnu|||||||| 181 $ctxt$2rdacontent 182 $cc$2rdamedia 183 $acr$2rdacarrier 200 10$aJournal of advanced concrete technology 210 $aTokyo $cJapan Concrete Institute$d2003- 300 $aRefereed/Peer-reviewed 300 $aTitle from publisher's Web site: (viewed Aug. 23, 2004). 311 $a1346-8014 531 $aJ ADV CONCR TECHNOL 531 $aJ. ADV. CONCR. TECHNOL 606 $aConcrete$vPeriodicals 606 $aConcrete$xResearch$zJapan$vPeriodicals 606 $aConcrete$2fast$3(OCoLC)fst00874126 606 $aConcrete$xResearch$2fast$3(OCoLC)fst00874212 607 $aJapan$2fast 608 $aPeriodicals.$2fast 615 0$aConcrete 615 0$aConcrete$xResearch 615 7$aConcrete. 615 7$aConcrete$xResearch. 712 02$aNihon Konkur?to K?gaku Ky?kai. 906 $aJOURNAL 912 $a996217756103316 996 $aJournal of advanced concrete technology$92080175 997 $aUNISA LEADER 01594nam 2200469 450 001 9910770279903321 005 20240105053515.0 010 $a1-119-76388-6 010 $a1-119-76389-4 010 $a1-119-76387-8 035 $a(MiAaPQ)EBC6955518 035 $a(Au-PeEL)EBL6955518 035 $a(CKB)21560950100041 035 $a(OCoLC)1312172688 035 $a(EXLCZ)9921560950100041 100 $a20221124d2022 uy 0 101 0 $aeng 135 $aurcnu|||||||| 181 $ctxt$2rdacontent 182 $cc$2rdamedia 183 $acr$2rdacarrier 200 00$aAnalytical methods for environmental contaminants of emerging concern /$fedited by Nu?ria Fontanals, Rosa Maria Marce? 210 $cWiley-Blackwell$d2022 210 1$aHoboken, New Jersey :$cJohn Wiley & Sons,$d[2022] 210 4$dİ2022 215 $a1 online resource (418 pages) 311 08$aPrint version: Fontanals, Nuria Analytical Methods for Environmental Contaminants of Emerging Concern Newark : John Wiley & Sons, Incorporated,c2022 9781119763864 320 $aIncludes bibliographical references and index. 606 $aEnvironmental toxicology 606 $aPollutants$xAnalysis 615 0$aEnvironmental toxicology. 615 0$aPollutants$xAnalysis. 676 $a628.5 702 $aFontanals$b Nu?ria 702 $aMarce?$b Rosa Maria 801 0$bMiAaPQ 801 1$bMiAaPQ 801 2$bMiAaPQ 906 $aBOOK 912 $a9910770279903321 996 $aAnalytical methods for environmental contaminants of emerging concern$93660817 997 $aUNINA LEADER 01487nas# 22002771i 450 001 UON00032727 005 20231205102108.550 100 $a20020107a1979 |0itac50 ba 101 $aeng 102 $aJP 105 $a|||| 1|||| 110 $aaB||||||||| 200 1 $aAji Communications on Japan's Dietary Culture 210 $a1(1979) - 215 $aTokyo$cAji Communications, 1979 - v $d25 cm Bimestrale 620 $aJP$dTo?kyo?$3UONL000031 686 $aJP$cGIAPPONE - PERIODICI$2A 686 $aDONO$cPERIODICI - DONO$2A 686 $aPERIODICI NON ATTIVI$cPERIODICI - NON ATTIVI$2A 712 02$aAji Communications$cTokyo$3UONV021559 801 $aIT$bSOL$c20240220$gRICA 899 $aSIBA - SISTEMA BIBLIOTECARIO DI ATENEO$2UONSI$41979 > 1982 *C* 1983 *19* re$cPer Misc 98 geografia 6°piano ; 912 $aUON00032727 950 $aSIBA - SISTEMA BIBLIOTECARIO DI ATENEO$bSI 1979 > 1982 *C* 1983 *19* re$dSI A Per Misc 98 1979 $eSI SA 17356 7 1979 $dSI A Per Misc 98 1981 $eSI SA 26417 7 1981 $dSI A Per Misc 98 1982 $eSI SA 28565 7 1982 $dSI A Per Misc 98 1979 $eSI SA 32075 7 1979 996 $aAji Communications on Japan's Dietary Culture$91320993 997 $aUNIOR